000 00906nam a2200253Ia 4500
003 GCL
008 140319s9999 xx 000 0 ara d
040 _aGCL /
_cGCL
082 0 4 _a631.4
_bا ت
100 1 _aالسيد احمد الخطيب
245 1 0 _aالتربة و معالجة المخلفات /
_cالسيد احمد الخطيب
250 _aالاولى
260 _aالقاهرة :
_bالمكتبة المصرية ،
_c2004
300 _a111 ص ؛
_c24 سم
490 _aسلسلة البيئة والتلوث
_v5
650 0 4 _aالتربة - تلوث
650 0 4 _aصرف الاراضى
650 0 4 _aالصرف الصحى - معالجة بيولوجية
650 0 4 _aالمياه - صرف
650 0 4 _aالمخلفات الكيماوية
650 0 4 _aالمخلفات الصناعية
650 0 4 _aالتربة - تاثير تلوث الماء على
942 _2ddc
_cBK
999 _c6214
_d6214